Регионална библиотека "Любен Каравелов" - Русе

Крал Матиуш Първи (Запис номер 137730)

MARC детайли
000 -Лидер
Контролно поле с фиксирана дължина 01498nam a2200361 c 4500
003 - Код на организацията, давaща контролен номер
Контролно поле BLK
005 - Дата и час на последна редакция
Контролно поле 20231018151847.0
008 - Елементи от данни с фиксирана дължина
fixed length control field 180409b bul|||||r ||||||| ||bul||
010 ## - Наследен системен номер
LC control number KNG00143707000
020 ## - Международен стандартен номер на книга ISBN
Международен стандартен номер на книга ISBN 978-954-8523-24-0
-- издат.: Сонм
040 ## - Източник на каталожния запис
Идентификатор на билиотеката - собственик на записа BLK
041 ## - Код за език
Код за езика на текст/звукозапис или на отделно заглавие Български
Код за езика КДБФ Български
072 #7 - Код за тематичната категория
Код организация bullib
Код за тематична категория Н85
Текст Детска художествена литература Н
080 ## - УДК
Текстов определител УДК Полска литература
УДК код - определител по УДК 821.162.1
УДК определител -93-32
УДК - код + определител 821.162.1-93-32
100 1# - Редна дума - Автор
Автор Корчак, Януш
Авторска отговорност първи автор
Автор - информация (биография) Голдшмит, Хенри
R(LIN) 82632
139 ## - Редно поле
Редна дума Корчак, Януш
Авторски знак Кор - К 85
245 10 - Сведения за заглавието
Заглавие Крал Матиуш Първи
Подзаглавни данни Фантаст. повест за деца
Редно поле (дума) Януш Корчак; прев. от пол. Пламена Баженова; ил. Веселин Праматаров.
257 ## - Страна на издаване
Страна на създаване/издаване Полша
260 ## - Област на издателските данни
-- София
Име на издателя, разпространителя и проч. Сонм
Година на издаване 2012
300 ## - Физическа характеристика
Страници 347 с.
Илюстрации и др. с цв. ил.
Размери/Мащаб 21 см
380 ## - Жанр
Жанр Детска худож. лит.
500 ## - Общи забележки
Забележка Ориг. загл. Urrol Macius Pierwszy / Janusz Korczak.
653 ## - Ключова дума – ненормативна
Ключова дума детска литература
659 ## - Тематичен бюлетин
Тематичен бюлетин Н
700 1# - Други автори (авторска отговорност)
Лично име Баженова, Пламена
Автороска отговорност (Описва отношението между автора и произведението) прев. от пол.
9 (RLIN) 35302
700 1# - Други автори (авторска отговорност)
Лично име Праматаров, Веселин
Автороска отговорност (Описва отношението между автора и произведението) ил.
9 (RLIN) 363960
852 ## - Местоположение
Форматна сигнатура Цб 259758
856 4# - Електронен адрес и достъп
Електронен формат pdf - файл
Път до файла /url/
856 4# - Електронен адрес и достъп
Електронен формат pdf - файл
Път до файла /url/
942 ## - АРТИКУЛИ
Вид на библиотечния материал Книги
Скрит в OPAC Не
Koha issues (borrowed), all copies 2
944 ## - СЪЗДАВАНЕ И РЕДАКЦИЯ на ЗАПИСА
Създаване/Редакция Създаване
Дата на регистрацията/редакция 07.06.2013
Статус, дата на статуса Ива Цветкова
Служител, извършил регистрацията/редакцията 30543
944 ## - СЪЗДАВАНЕ И РЕДАКЦИЯ на ЗАПИСА
Създаване/Редакция Редакция
Дата на регистрацията/редакция 14.01.2016
Статус, дата на статуса ф /
Служител, извършил регистрацията/редакцията Пенка_Димитрова
999 ## - СИСТЕМНИ КОНТРОЛНИ НОМЕРА
Koha biblionumber 137730
Koha biblioitemnumber 137730
Наличности
Код за отписване Код за изгубен артикул Код за повреда Коз за рестрикции Код за отдаване Артикулен № Име на библиотеката - собственик Име на библиотеката, в която се намира в момента Статус (Текущо местоположение) Дата на вписване в системата Местоположение - отдел Цена в лева Инвентарен номер Систематично азбучна сигнатура Баркод Номер на екземпляра Цена в евро Служебна бележка Служебен тип на артикула
  Не е изгубен Не е повреден без рестрикции заемане за дома 225278 Регионална библиотека "Любен Каравелов" Русе Регионална библиотека "Любен Каравелов" Русе Детски отдел 2013-06-08 Детски отдел 14.00 120000766892 ДХ 820/899/К 85 120000766892 1 7.16 Дост: DA Вид: А N: 13 Дата: 07.06.2013 Дата инв: 07.08.2015 Бележки инв: Д2015 Книги
  Не е изгубен Не е повреден без рестрикции ползва се в читалня 225279 Регионална библиотека "Любен Каравелов" Русе Регионална библиотека "Любен Каравелов" Русе Хранилище 2016-01-14 Хранилище 14.00 120000796554 Цб 259758 120000796554 2 7.16 Дост: Dp Вид: Д N: 48 Дата: 10.11.2015 Книги
Vip Innovations Ltd, Rousse, Bulgaria 2025